LIBRARY & INFORMATION CENTRE, KCAET, TAVANUR

ONLINE PUBLIC ACCESS CATALOGUE (OPAC)

Elements of modern algebra / (Record no. 9153)

MARC details
000 -LEADER
fixed length control field 00475cam a2200193ua 4500
020 ## - INTERNATIONAL STANDARD BOOK NUMBER
ISBN 0-85226-921-87
041 ## - LANGUAGE CODE
Language code of text/sound track or separate title eng
082 ## - DEWEY DECIMAL CLASSIFICATION NUMBER
Classification number 512
Item number VAT/EL
100 ## - MAIN ENTRY--AUTHOR NAME
Personal name Vatssa, B.S .
245 ## - TITLE STATEMENT
Title Elements of modern algebra /
250 ## - EDITION STATEMENT
Edition statement 3 /
260 ## - PUBLICATION, DISTRIBUTION, ETC. (IMPRINT)
Place of publication New Delhi :
Name of publisher Wiley Eastern Ltd ,
Year of publication 1994.
300 ## - PHYSICAL DESCRIPTION
Number of Pages 250 ; .
942 ## - ADDED ENTRY ELEMENTS (KOHA)
Koha item type Books
Holdings
Withdrawn status Lost status Damaged status Home library Current library Date acquired Full call number Accession Number Koha item type
      KAUAET KAUAET 07/04/2012 512 19929 Books
      KAUAET KAUAET 07/04/2012 512 20412 Books
free website counter